000 00513nam a2200157Ia 4500
008 210716s2017 xx 000 0 und d
020 _a9789386446206
041 _aeng
082 _a374.22 GARS
100 _aGarelli, Stephane.
245 _aAre you a tiger a cat or a dinosaur: 100 questions how competitiveness influences your life.
_b100 questions how competitiveness influences your life.
250 _a1
260 _aNew Delhi
_bSage Publications
_c2017
300 _a229
650 _aGeneral Management
999 _c211457
_d211457